[Event "Francophonie-chT Rapid"]
[Site "Tornelo INT"]
[Date "2022.06.04"]
[Round "3.2"]
[White "Nekrasova, Elena"]
[Black "Hesham, Abdelrahman"]
[Result "0-1"]
[WhiteElo "2028"]
[BlackElo "2385"]
[PlyCount "92"]
[EventDate "2022.06.04"]
[EventType "team-swiss (rapid)"]
[EventRounds "11"]
[EventCountry "FRA"]
[SourceTitle "CBM 208 Extra"]
[Source "ChessBase"]
[SourceDate "2022.07.31"]
[SourceVersion "1"]
[SourceVersionDate "2022.07.31"]
[SourceQuality "1"]
[WhiteTeam "Lebanon"]
[BlackTeam "Egypt"]
[WhiteTeamCountry "LBN"]
[BlackTeamCountry "EGY"]

1. e4 c5 2. Nf3 d6 3. d4 cxd4 4. Nxd4 Nf6 5. Nc3 a6 6. Be2 e5 7. Nb3 Be7 8. 0-0 0-0 9. Be3 Be6 10. f4 exf4 11. Rxf4 Nc6 12. Nd5 Bxd5 13. exd5 Ne5 14. c4 Nfd7 15. Rf1 Bg5 16. Bd4 Rc8 17. Nd2 f5 18. b3 g6 19. Nf3 Bf6 20. Rc1 Re8 21. Kh1 Ng4 22. Qd2 Nc5 23. Bxc5 dxc5 24. Bd3 Qd6 25. h3 Ne3 26. Rfe1 f4 27. Qf2 Re7 28. Nd2 Rce8 29. Qf3 Bd4 30. Ne4 Qe5 31. Re2 Nf5 32. Kh2 Nh4 33. Qg4 f3+ 34. g3 fxe2 35. Qxh4 Qxe4 36. Bxe4 Rxe4 37. g4 e1Q 38. Rxe1 Rxe1 39. Qg5 R8e2+ 40. Kg3 Bf2+ 41. Kf3 Bd4 42. Qd8+ Re8 43. Qd7 Rf8+ 44. Kg3 Rg1+ 45. Kh2 Rf2+ 46. Kxg1 Rf7+ 0-1

[Event "Online Olym Div2 A"]
[Site "Chess.com INT"]
[Date "2021.09.02"]
[Round "3.2"]
[White "Frayna, Janelle Mae"]
[Black "Nekrasova, Elena"]
[Result "1-0"]
[WhiteElo "2190"]
[BlackElo "2028"]
[PlyCount "83"]
[EventDate "2021.09.02"]
[EventType "team (rapid)"]
[EventRounds "9"]
[EventCountry "USA"]
[SourceTitle "CBM 204 Extra"]
[Source "ChessBase"]
[SourceDate "2021.11.30"]
[SourceVersion "1"]
[SourceVersionDate "2021.11.30"]
[SourceQuality "1"]
[WhiteTeam "Philippines"]
[BlackTeam "Lebanon"]
[WhiteTeamCountry "PHI"]
[BlackTeamCountry "LBN"]

1. d4 d5 2. c4 e6 3. Nf3 Nf6 4. g3 Be7 5. Bg2 0-0 6. 0-0 c6 7. Qc2 b6 8. Nbd2 Bb7 9. e4 dxe4 10. Nxe4 Nxe4 11. Qxe4 Nd7 12. Rd1 Qc8 13. Qe2 Re8 14. Bg5 Nf6 15. c5 bxc5 16. dxc5 Ba6 17. Qc2 Nd5 18. Bxe7 Rxe7 19. Nd4 Rb8 20. a3 Qe8 21. b4 Rd8 22. Qb3 g6 23. Rd2 Bb7 24. Rad1 a6 25. h3 Kg7 26. Qc4 Red7 27. Nb3 e5 28. Qc2 Qe6 29. Na5 Bc8 30. Nc4 Bb7 31. Nd6 Ba8 32. Qc4 a5 33. b5 cxb5 34. Bxd5 Bxd5 35. Qxd5 Qxd5 36. Rxd5 Kf8 37. Rxe5 b4 38. axb4 axb4 39. Rb1 f6 40. Re4 Rc7 41. Rexb4 Rxc5 42. Nb7 1-0

[Event "Online Olym Div3 B"]
[Site "Chess.com INT"]
[Date "2021.08.27"]
[Round "1.3"]
[White "Nekrasova, Elena"]
[Black "Miladi, Amen"]
[Result "1-0"]
[WhiteElo "2028"]
[BlackElo "1665"]
[PlyCount "47"]
[EventDate "2021.08.27"]
[EventType "team-tourn (rapid)"]
[EventRounds "9"]
[EventCountry "USA"]
[SourceTitle "CBM 204 Extra"]
[Source "ChessBase"]
[SourceDate "2021.11.30"]
[SourceVersion "1"]
[SourceVersionDate "2021.11.30"]
[SourceQuality "1"]
[WhiteTeam "Lebanon"]
[BlackTeam "Tunisia"]
[WhiteTeamCountry "LBN"]
[BlackTeamCountry "TUN"]

1. e4 c5 2. Nf3 e6 3. d4 cxd4 4. Nxd4 Nc6 5. Nc3 Nf6 6. Ndb5 d6 7. Bf4 e5 8. Bg5 a6 9. Na3 Be6 10. Nc4 Rc8 11. Ne3 Nd4 12. Bd3 h6 13. Bxf6 gxf6 14. Ncd5 Bxd5 15. Nxd5 f5 16. c3 fxe4 17. Bxe4 Ne6 18. Qa4+ b5 19. Qxa6 Rc5 20. b4 Rxd5 21. Bxd5 Nc7 22. Qc6+ Ke7 23. 0-0 Bg7 24. a4 1-0

[Event "Online Olym Div4 A"]
[Site "Chess.com INT"]
[Date "2021.08.20"]
[Round "2.2"]
[White "Alsalti, Rania"]
[Black "Nekrasova, Elena"]
[Result "0-1"]
[WhiteElo "1287"]
[BlackElo "2028"]
[PlyCount "42"]
[EventDate "2021.08.20"]
[EventType "team (rapid)"]
[EventRounds "11"]
[EventCountry "USA"]
[SourceTitle "CBM 203 Extra"]
[Source "ChessBase"]
[SourceDate "2021.09.30"]
[SourceVersion "1"]
[SourceVersionDate "2021.09.30"]
[SourceQuality "1"]
[WhiteTeam "Bahrain"]
[BlackTeam "Lebanon"]
[WhiteTeamCountry "BHN"]
[BlackTeamCountry "LBN"]

1. e4 c5 2. Nf3 Nc6 3. Bb5 g6 4. Nc3 Bg7 5. 0-0 e5 6. d3 Nge7 7. Bxc6 bxc6 8. Bg5 0-0 9. h4 f6 10. Bd2 d5 11. b3 Bg4 12. Ne2 Bxf3 13. gxf3 f5 14. Nc3 f4 15. Na4 Qd6 16. Kg2 h5 17. c4 d4 18. Rh1 Nc8 19. Rb1 Nb6 20. b4 Nxa4 21. Qxa4 cxb4 0-1

[Event "Asia Nations online Cup (Women)"]
[Site "Chess.com INT"]
[Date "2020.10.19"]
[Round "7.9"]
[White "Tala, Alnasser"]
[Black "Nekrasova, Elena"]
[Result "1/2-1/2"]
[WhiteElo "1431"]
[BlackElo "2028"]
[PlyCount "153"]
[EventDate "2020.10.11"]
[EventType "team-swiss (rapid)"]
[EventRounds "9"]
[EventCountry "IND"]
[SourceTitle "CBM 198 Extra"]
[Source "ChessBase"]
[SourceDate "2020.11.30"]
[SourceVersion "1"]
[SourceVersionDate "2020.11.30"]
[SourceQuality "1"]
[WhiteTeam "Jordan (W)"]
[BlackTeam "Lebanon (W)"]
[WhiteTeamCountry "JOR"]
[BlackTeamCountry "LBN"]

1. d4 d5 2. Nf3 Nf6 3. c3 e6 4. Bg5 c5 5. e3 Nc6 6. Nbd2 Bd6 7. Bd3 0-0 8. Rc1 Qe7 9. Bb1 e5 10. dxe5 Nxe5 11. Qc2 g6 12. h4 Bf5 13. Qa4 Bxb1 14. Rxb1 Nxf3+ 15. Nxf3 Qe4 16. Qd1 Ng4 17. h5 f5 18. hxg6 hxg6 19. Nh4 Qe6 20. Qf3 Rf7 21. Rd1 f4 22. Qxd5 Qxd5 23. Rxd5 fxe3 24. Bxe3 Bg3 25. fxg3 Nxe3 26. Re5 Nc4 27. Re2 Kg7 28. Nf3 Rd8 29. Ne5 Nxe5 30. Rxe5 b6 31. Ke2 Rdf8 32. Ke3 Rf2 33. Re7+ R8f7 34. Rxf7+ Rxf7 35. Re1 Rd7 36. Re2 Kf6 37. Kf4 Rf7 38. g4 Rd7 39. g5+ Kf7 40. g3 Rd1 41. Ke4 Rg1 42. Kd5 Rxg3 43. Kc6 Rxg5 44. Kb7 c4 45. Kxa7 b5 46. Ka6 Kf6 47. Ka5 Rd5 48. a4 bxa4+ 49. Kxa4 g5 50. Kb4 g4 51. Kxc4 Rf5 52. Rg2 Kg5 53. Kd4 Kf4 54. b4 Kf3 55. Rg1 g3 56. Rf1+ Kg4 57. Rg1 Kh3 58. Ke4 Rf7 59. c4 Kh2 60. Rd1 g2 61. Rd2 Kh1 62. Rd1+ g1Q 63. Rxg1+ Kxg1 64. c5 Rb7 65. Kd5 Rxb4 66. Kd6 Kf2 67. c6 Ke3 68. c7 Rc4 69. Kd7 Rd4+ 70. Kc8 Ke4 71. Kb7 Rb4+ 72. Ka6 Rc4 73. Kb7 Rb4+ 74. Ka6 Rc4 75. Kb7 Kd5 76. c8Q Rxc8 77. Kxc8 1/2-1/2

[Event "Asia Nations online Cup (Women)"]
[Site "Chess.com INT"]
[Date "2020.10.17"]
[Round "6.7"]
[White "Nekrasova, Elena"]
[Black "Sultana, Sharmin Shirin"]
[Result "1-0"]
[WhiteElo "2028"]
[BlackElo "2002"]
[PlyCount "77"]
[EventDate "2020.10.11"]
[EventType "team-swiss (rapid)"]
[EventRounds "9"]
[EventCountry "IND"]
[SourceTitle "CBM 198 Extra"]
[Source "ChessBase"]
[SourceDate "2020.11.30"]
[SourceVersion "1"]
[SourceVersionDate "2020.11.30"]
[SourceQuality "1"]
[WhiteTeam "Lebanon (W)"]
[BlackTeam "Bangladesh (W)"]
[WhiteTeamCountry "LBN"]
[BlackTeamCountry "BAN"]

1. e4 c5 2. Nf3 e6 3. d4 cxd4 4. Nxd4 a6 5. Nc3 Qc7 6. Be2 Nf6 7. 0-0 Nc6 8. Be3 b5 9. a3 Bb7 10. f4 d6 11. Bf3 Be7 12. Qe1 Nxd4 13. Bxd4 e5 14. Be3 0-0 15. Rd1 Rfe8 16. Qg3 Bf8 17. f5 Qc4 18. Be2 Qc6 19. Bg5 Qb6+ 20. Be3 Qc7 21. Bf3 Rac8 22. Bg5 Qb6+ 23. Kh1 d5 24. Bxf6 Qxf6 25. exd5 Rc4 26. Ne4 Qxf5 27. Ng5 Qf4 28. d6 Qxg3 29. hxg3 Bxf3 30. Rxf3 Rd4 31. Rxd4 exd4 32. Nxf7 Re6 33. d7 Re1+ 34. Kh2 Be7 35. d8Q+ Bxd8 36. Nxd8 Re2 37. Nc6 Rxc2 38. Ne7+ Kh8 39. Rf8# 1-0

[Event "Online Olym Div3 C"]
[Site "Chess.com INT"]
[Date "2020.08.09"]
[Round "8.2"]
[White "Nekrasova, Elena"]
[Black "Smith, Olivia"]
[Result "0-1"]
[WhiteElo "2028"]
[BlackElo "2012"]
[PlyCount "58"]
[EventDate "2020.08.07"]
[EventType "team-tourn (rapid)"]
[EventRounds "9"]
[EventCountry "USA"]
[SourceTitle "CBM 198"]
[Source "ChessBase"]
[SourceDate "2020.10.31"]
[SourceVersion "1"]
[SourceVersionDate "2020.10.31"]
[SourceQuality "1"]
[WhiteTeam "Lebanon"]
[BlackTeam "Wales"]
[WhiteTeamCountry "LBN"]
[BlackTeamCountry "WLS"]

1. e4 e5 2. Nf3 Nf6 3. Nxe5 d6 4. Nf3 Nxe4 5. Nc3 Nxc3 6. dxc3 Be7 7. Be3 Be6 8. Qd2 Nc6 9. 0-0-0 Qd7 10. Kb1 0-0-0 11. Nd4 a6 12. Nxe6 fxe6 13. g3 Bf6 14. h4 Kb8 15. Bh3 Qf7 16. Qe2 Rhe8 17. Bg2 d5 18. c4 Ne5 19. c5 Nc4 20. Bd4 Qd7 21. Rhe1 Qb5 22. b3 e5 23. Bc3 Na3+ 24. Kb2 Qxc5 25. Rxd5 Rxd5 26. Bxd5 Nb5 27. Qc4 Qxf2 28. a4 Nxc3 29. Qxc3 e4 0-1

[Event "Olympiad Women-41"]
[Site "Tromsoe"]
[Date "2014.08.11"]
[Round "9.2"]
[White "Botez, Alexandra"]
[Black "Nekrasova, Elena"]
[Result "1/2-1/2"]
[WhiteElo "2089"]
[BlackElo "2076"]
[PlyCount "62"]
[EventDate "2014.08.02"]
[EventType "team-swiss"]
[EventRounds "11"]
[EventCountry "NOR"]
[SourceTitle "CBM 162"]
[Source "ChessBase"]
[SourceDate "2014.09.17"]
[SourceVersion "1"]
[SourceVersionDate "2014.09.17"]
[SourceQuality "1"]
[WhiteTeam "Canada (W)"]
[BlackTeam "Lebanon (W)"]
[WhiteTeamCountry "CAN"]
[BlackTeamCountry "LBN"]

1. d4 d5 2. Nf3 Nf6 3. c4 dxc4 4. e3 e6 5. Bxc4 a6 6. a4 c5 7. 0-0 Nc6 8. Qe2 cxd4 9. Rd1 Be7 10. exd4 0-0 11. Nc3 Nb4 12. Ne5 Bd7 13. Bf4 Bc6 14. Nxc6 bxc6 15. Rac1 Nfd5 16. Be5 Re8 17. Ne4 a5 18. Nc5 Ra7 19. Ra1 Bf8 20. Ra3 f6 21. Bg3 e5 22. Re3 Bxc5 23. dxc5 Qe7 24. Rc3 Kh8 25. Rcc1 Rd7 26. h3 Red8 27. Qg4 Nc7 28. Rxd7 Rxd7 29. Rd1 Rxd1+ 30. Qxd1 Ncd5 31. Qg4 g5 1/2-1/2

[Event "Olympiad Women-41"]
[Site "Tromsoe"]
[Date "2014.08.10"]
[Round "8.2"]
[White "Nekrasova, Elena"]
[Black "Solomons, Anzel"]
[Result "1/2-1/2"]
[WhiteElo "2076"]
[BlackElo "1840"]
[PlyCount "144"]
[EventDate "2014.08.02"]
[EventType "team-swiss"]
[EventRounds "11"]
[EventCountry "NOR"]
[SourceTitle "CBM 162"]
[Source "ChessBase"]
[SourceDate "2014.09.17"]
[SourceVersion "1"]
[SourceVersionDate "2014.09.17"]
[SourceQuality "1"]
[WhiteTeam "Lebanon (W)"]
[BlackTeam "South Africa (W)"]
[WhiteTeamCountry "LBN"]
[BlackTeamCountry "RSA"]

1. e4 e5 2. Nf3 d6 3. d4 Nd7 4. Bc4 c6 5. a4 Be7 6. 0-0 Ngf6 7. Nc3 0-0 8. Re1 h6 9. b3 Re8 10. Bb2 b6 11. Qd2 Bf8 12. Rad1 Bb7 13. Qc1 Qc7 14. Qa1 a6 15. Bd3 b5 16. Ne2 c5 17. dxc5 dxc5 18. c4 Bxe4 19. Bxe4 Nxe4 20. Nc1 Ng5 21. Nxe5 Nxe5 22. Bxe5 Qc6 23. Nd3 Rad8 24. axb5 axb5 25. Nf4 b4 26. Nd5 Qg6 27. Kh1 Qc2 28. f4 Ne4 29. Qb1 Nf2+ 30. Kg1 Qxb1 31. Rxb1 Nd3 32. Re3 Nxe5 33. fxe5 Re6 34. Ra1 f6 35. Rae1 Rxe5 36. Rxe5 fxe5 37. Rxe5 Ra8 38. Kf2 Bd6 39. Re3 Ra2+ 40. Kf3 Bxh2 41. g3 Bg1 42. Rd3 Kf7 43. Nf4 Bd4 44. Ke4 g5 45. Nd5 Re2+ 46. Kf3 Rf2+ 47. Ke4 Re2+ 48. Kf3 Rf2+ 49. Ke4 Bg7 50. Nc7 Bf6 51. Rd7+ Kg6 52. Na6 Re2+ 53. Kd3 Rg2 54. Nxc5 Rxg3+ 55. Ke4 h5 56. Ne6 h4 57. Nf8+ Kh5 58. Rh7+ Kg4 59. Nd7 Bb2 60. Nc5 Rg2 61. Ke3 Be5 62. Nd3 Bf4+ 63. Ke4 Re2+ 64. Kd4 h3 65. c5 Be3+ 66. Kd5 Rd2 67. Ke4 Bf4 68. c6 h2 69. Nxb4 Rb2 70. Nd3 Rxb3 71. Nxf4 Rb4+ 72. Kd5 Rxf4 1/2-1/2

[Event "Dubai op 15th"]
[Site "Dubai"]
[Date "2013.04.09"]
[Round "3"]
[White "Adhiban, Baskaran"]
[Black "Nekrasova, Elena"]
[Result "1-0"]
[WhiteElo "2555"]
[BlackElo "2089"]
[PlyCount "77"]
[EventDate "2013.04.07"]
[EventType "swiss"]
[EventRounds "9"]
[EventCountry "UAE"]
[SourceTitle "EXT 2016"]
[Source "ChessBase"]
[SourceDate "2015.10.08"]
[SourceVersion "1"]
[SourceVersionDate "2015.10.08"]
[SourceQuality "1"]

1. e4 c5 2. Nf3 Nc6 3. d4 cxd4 4. Nxd4 Nf6 5. Nc3 e6 6. Ndb5 Bb4 7. a3 Bxc3+ 8. Nxc3 d5 9. exd5 exd5 10. Bd3 d4 11. Ne2 0-0 12. 0-0 Bg4 13. Bg5 Qd6 14. Qd2 Bxe2 15. Bf4 Qd5 16. Bxe2 Ne4 17. Qd3 Ne5 18. Bxe5 Qxe5 19. f4 Qd5 20. c4 Qc6 21. Qxd4 Rad8 22. Qxa7 b6 23. Qe7 Nd2 24. Rfe1 Nxc4 25. Qb4 b5 26. Rac1 Qb6+ 27. Kh1 Qf2 28. Qxb5 Ne3 29. Bf3 Rd2 30. Re2 Rc2 31. Rexc2 Nxc2 32. Qe2 Qxe2 33. Bxe2 Nd4 34. Ba6 g6 35. g3 Kg7 36. Rc8 Rxc8 37. Bxc8 Nf3 38. Bb7 Nd2 39. Bd5 1-0

[Event "Olympiad Women-38"]
[Site "Dresden"]
[Date "2008.11.21"]
[Round "8"]
[White "Lang, Heather"]
[Black "Nekrasova, Elena"]
[Result "1/2-1/2"]
[WhiteElo "2063"]
[BlackElo "2091"]
[PlyCount "75"]
[EventDate "2008.11.13"]
[EventType "team-swiss"]
[EventRounds "11"]
[EventCountry "GER"]
[SourceTitle "CBM 128"]
[Source "ChessBase"]
[SourceDate "2009.01.28"]
[SourceVersion "1"]
[SourceVersionDate "2009.01.28"]
[SourceQuality "1"]
[WhiteTeam "Scotland (W)"]
[BlackTeam "Lebanon (W)"]
[WhiteTeamCountry "SCO"]
[BlackTeamCountry "LBN"]

1. e4 c5 2. Nc3 Nc6 3. g3 g6 4. Bg2 Bg7 5. d3 d6 6. Be3 e5 7. Qd2 Nge7 8. f4 Be6 9. Nf3 Nd4 10. 0-0 Nxf3+ 11. Rxf3 exf4 12. Bxf4 0-0 13. Bh6 Nc6 14. Bxg7 Kxg7 15. Rf2 Qd7 16. Ne2 f5 17. Nf4 fxe4 18. Bxe4 d5 19. Qc3+ Kg8 20. Bg2 b6 21. Re1 d4 22. Qd2 Bf5 23. Rfe2 Rae8 24. h3 Rxe2 25. Rxe2 Qd6 26. Qe1 Bd7 27. Bd5+ Kh8 28. c4 Nb4 29. Re7 g5 30. Nh5 Nxd5 31. cxd5 Qxd5 32. Rxd7 Qxd7 33. Qe5+ Kg8 34. Qxg5+ Kh8 35. Qe5+ Kg8 36. Qg5+ Kh8 37. Qe5+ Kg8 38. Qg5+ 1/2-1/2

[Event "Olympiad Women-36"]
[Site "Mallorca"]
[Date "2004.10.25"]
[Round "10.2"]
[White "Nekrasova, Elena"]
[Black "Senanayake, Pramodya"]
[Result "1-0"]
[WhiteElo "2107"]
[BlackElo "1673"]
[PlyCount "113"]
[EventDate "2004.10.15"]
[EventType "team-swiss"]
[EventRounds "14"]
[EventCountry "ESP"]
[SourceTitle "CBM 102 Extra"]
[Source "ChessBase"]
[SourceDate "2004.11.03"]
[SourceVersion "1"]
[SourceVersionDate "2004.11.03"]
[SourceQuality "1"]
[WhiteTeam "Lebanon (W)"]
[BlackTeam "Sri Lanka (W)"]
[WhiteTeamCountry "LBN"]
[BlackTeamCountry "SRI"]

1. e4 e5 2. Nf3 Nc6 3. Bb5 a6 4. Ba4 Nf6 5. 0-0 Nxe4 6. d4 b5 7. Bb3 d5 8. dxe5 Be6 9. c3 Bc5 10. Nbd2 0-0 11. Bc2 Nxf2 12. Rxf2 f6 13. exf6 Bxf2+ 14. Kxf2 Qxf6 15. Kg1 Rae8 16. Bd3 Bg4 17. a4 Ne5 18. Be2 Qb6+ 19. Kh1 Qf2 20. Qf1 Qxf1+ 21. Bxf1 Nxf3 22. gxf3 Bxf3+ 23. Nxf3 Rxf3 24. Bg5 c6 25. axb5 axb5 26. Kg2 Rf5 27. Bh4 g5 28. Bf2 Ref8 29. Bd4 R5f7 30. Be2 Re7 31. Ra5 Rc7 32. b4 h6 33. Be5 Rb7 34. Ra6 Rc8 35. Bg4 Re8 36. Bg3 Re4 37. Bc8 Rbe7 38. Rxc6 Rc4 39. Be6+ Kh7 40. Bxd5 Rxc6 41. Bxc6 Re3 42. Bxb5 Rxc3 43. Bd6 h5 44. Be8 Rd3 45. Bc5 h4 46. b5 Rc3 47. Ba7 h3+ 48. Kf2 g4 49. Bc6 Rc2+ 50. Kg3 Kh6 51. Be3+ Kg7 52. Bf4 Kf6 53. Kxg4 Rc4 54. Kg3 Rc5 55. Kxh3 Kf5 56. Bd7+ Kf6 57. b6 1-0